| 000 | 00425nam a22001697a 4500 | ||
|---|---|---|---|
| 005 | 20180613160650.0 | ||
| 008 | 160512b xxu||||| |||| 00| 0 eng d | ||
| 020 | _a81-203-2164-2 | ||
| 041 | _aeng | ||
| 082 |
_b1774 _a657.3 |
||
| 100 |
_aFrazer, Lyn M. Ormintor, Aillen _9531 |
||
| 245 | _aUnderstanding Financial Statements | ||
| 260 |
_aNew Delhi _bPHI, _c2001 |
||
| 300 | _a267 | ||
| 650 |
_aManagement _9241 |
||
| 942 | _cBK | ||
| 999 |
_c685 _d685 |
||